Động vật học Dùng cho các trường Đại học Nông nghiệp Việt Nam

Đã lưu trong:
書目詳細資料
主要作者: Phạm Trọng Cung
格式: 圖書
語言:Undetermined
出版: Hà Nội ĐH và THCN 1979
主題:
標簽: 添加標簽
沒有標簽, 成為第一個標記此記錄!
Thư viện lưu trữ: Trung tâm Học liệu Trường Đại học Cần Thơ
LEADER 00540nam a2200181Ia 4500
001 CTU_9141
008 210402s9999 xx 000 0 und d
082 |a 592 
082 |b Đ455/T1 
100 |a Phạm Trọng Cung 
245 0 |a Động vật học 
245 0 |b Dùng cho các trường Đại học Nông nghiệp Việt Nam 
245 0 |c Phạm Trọng Cung 
260 |a Hà Nội 
260 |b ĐH và THCN 
260 |c 1979 
650 |a invertebrates 
980 |a Trung tâm Học liệu Trường Đại học Cần Thơ